Migration in South India / (Record no. 19436)
[ view plain ]
| 000 -LEADER | |
|---|---|
| fixed length control field | 01798nam a2200349 a 4500 |
| 005 - DATE AND TIME OF LATEST TRANSACTION | |
| control field | 20060223040130.0 |
| 008 - FIXED-LENGTH DATA ELEMENTS--GENERAL INFORMATION | |
| fixed length control field | 050215s2005 ii a b 101 0 eng |
| 010 ## - LCCN (DPL NO) | |
| LC control number | ENG-91984 |
| 020 ## - INTERNATIONAL STANDARD BOOK NUMBER | |
| International Standard Book Number | 8175412283 |
| Terms of availability | 495.00 |
| 020 ## - INTERNATIONAL STANDARD BOOK NUMBER | |
| International Standard Book Number | 978818175412286 |
| Terms of availability | 495.00 |
| 035 ## - SYSTEM CONTROL NUMBER | |
| System control number | EN-75517 |
| 037 ## - SOURCE OF ACQUISITION | |
| Source of stock number/acquisition | DBAD / PUB |
| 040 ## - CATALOGING SOURCE | |
| Original cataloging agency | dpl |
| Language of cataloging | English |
| 082 ## - DEWEY DECIMAL CLASSIFICATION NUMBER | |
| Classification number | 304.89543 |
| 111 ## - MAIN ENTRY--MEETING NAME | |
| Meeting name or jurisdiction name as entry element | National Seminar on Migrations in India and Its Impact on Tribal Societies |
| Date of meeting | (2003 : |
| Location of meeting | Institute for Research in Social Science and Humanities) |
| 245 ## - TITLE STATEMENT | |
| Title | Migration in South India / |
| Statement of responsibility, etc | K.S. Mathew, Mahavir Singh [and] Joy Varkey |
| 260 ## - PUBLICATION, DISTRIBUTION, ETC. (IMPRINT) | |
| Place of publication, distribution, etc | Delhi : |
| Name of publisher, distributor, etc | Shipra Publications, |
| Date of publication, distribution, etc | 2005. |
| 300 ## - PHYSICAL DESCRIPTION | |
| Extent | xiv, 242 p. : |
| Dimensions | 22 cm (Hb) |
| 500 ## - GENERAL NOTE | |
| General note | "IRISH, Thalassery and Maulana Abul Kalam Azad Institute of Asian Studies, Kolkata." |
| 500 ## - GENERAL NOTE | |
| General note | Includes bibliographical references and index. |
| 520 ## - SUMMARY, ETC. | |
| Summary, etc | Contributed articles presented at the National Seminar on Migrations in India and Its Impact on Tribal Societies organised by Institute for Research in Social Science and Humanities, Thalassery held on Oct. 28-30, 2003. |
| 650 ## - SUBJECT ADDED ENTRY--TOPICAL TERM | |
| Topical term or geographic name as entry element | Migration, Internal |
| Geographic subdivision | India, South |
| Form subdivision | Congresses. |
| 650 ## - SUBJECT ADDED ENTRY--TOPICAL TERM | |
| Topical term or geographic name as entry element | Migrant labor |
| Geographic subdivision | India, South |
| Form subdivision | Congresses. |
| General subdivision | Social conditions. |
| 650 ## - SUBJECT ADDED ENTRY--TOPICAL TERM | |
| Topical term or geographic name as entry element | Tribes |
| Geographic subdivision | India, South |
| Form subdivision | Congresses. |
| General subdivision | Social conditions. |
| 700 ## - ADDED ENTRY--PERSONAL NAME | |
| Personal name | Mathew, K. S. |
| 700 ## - ADDED ENTRY--PERSONAL NAME | |
| Personal name | Singh, Mahavir, |
| 700 ## - ADDED ENTRY--PERSONAL NAME | |
| Personal name | Varkey, Joy. |
| 710 ## - ADDED ENTRY--CORPORATE NAME | |
| Corporate name or jurisdiction name as entry element | Institute for Research in Social Science and Humanities of MESHAR. |
| 710 ## - ADDED ENTRY--CORPORATE NAME | |
| Corporate name or jurisdiction name as entry element | Maulana Abul Kalam Azad Institute of Asian Studies (Calcutta, India) |
| 942 ## - ADDED ENTRY ELEMENTS (KOHA) | |
| Source of classification or shelving scheme | Dewey Decimal Classification |
| Item type | English Books |
| Call number suffix | MIG |
| Classification part | 304.89543 |
| Withdrawn status | Lost status | Source of classification or shelving scheme | Damaged status | Not for loan | Collection code | Home library | Current library | Date acquired | Source of acquisition | Cost, normal purchase price | Total Checkouts | Full call number | Barcode | Date last seen | Copy number | Cost, replacement price | Koha item type |
|---|---|---|---|---|---|---|---|---|---|---|---|---|---|---|---|---|---|
| Dewey Decimal Classification | Not For Loan | Non-fiction | D.B.Act.Division | D.B.Act.Division | 03/12/2008 | DBAD / PUB | 495.00 | 304.89543 MIG | EN-75517 | 03/12/2008 | 1 | 495.00 | English Books |
